[Event "Wch U20 51st"]
[Site "Athens"]
[Date "2012.08.15"]
[Round "13"]
[White "Vandevenne, Sander"]
[Black "Vasques, Antonio Pedro Freix"]
[Result "0-1"]
[WhiteElo "2083"]
[BlackElo "2214"]
[PlyCount "70"]
[EventDate "2012.08.02"]
[EventType "swiss"]
[EventRounds "13"]
[EventCountry "GRE"]
[SourceTitle "CBM 149 Extra"]
[Source "ChessBase"]
[SourceDate "2012.08.24"]
[SourceVersion "1"]
[SourceVersionDate "2012.08.24"]
[SourceQuality "1"]

1. e4 d5 2. exd5 Nf6 3. d4 Bg4 4. Nf3 Qxd5 5. Be2 Nc6 6. c4 Qf5 7. Be3 0-0-0 8. 0-0 h5 9. Nbd2 a6 10. Qa4 e5 11. d5 Nd4 12. Bxd4 exd4 13. b4 d3 14. Bd1 Ne4 15. Nxe4 Qxe4 16. b5 Bd7 17. Re1 Qf4 18. Rb1 Bc5 19. Qb3 d2 20. Re2 axb5 21. cxb5 Bg4 22. Rb2 Bd6 23. Qa4 Bxf3 24. Qxf4 Bxf4 25. gxf3 Rxd5 26. Re4 g5 27. b6 Re5 28. Kf1 Rd8 29. Rbb4 Bxh2 30. bxc7 Kxc7 31. Ra4 Kb8 32. Ke2 Bf4 33. Ra3 b6 34. Ra6 Kb7 35. Ra3 h4 0-1

[Event "Wch U20 51st"]
[Site "Athens"]
[Date "2012.08.07"]
[Round "6"]
[White "Koutoukidis, Panagiotis"]
[Black "Vandevenne, Sander"]
[Result "1/2-1/2"]
[WhiteElo "2167"]
[BlackElo "2083"]
[PlyCount "66"]
[EventDate "2012.08.02"]
[EventType "swiss"]
[EventRounds "13"]
[EventCountry "GRE"]
[SourceTitle "CBM 149 Extra"]
[Source "ChessBase"]
[SourceDate "2012.08.24"]
[SourceVersion "1"]
[SourceVersionDate "2012.08.24"]
[SourceQuality "1"]

1. e4 e6 2. d4 d5 3. Nc3 dxe4 4. Nxe4 Nd7 5. Nf3 Ngf6 6. Bd3 Be7 7. 0-0 Nxe4 8. Bxe4 Nf6 9. Bd3 0-0 10. Qe2 b6 11. Rd1 Bb7 12. c4 Qe8 13. b3 c5 14. dxc5 Bxc5 15. Bb2 Qe7 16. Ng5 Rfd8 17. Bxf6 Qxf6 18. Bxh7+ Kf8 19. Be4 Qxg5 20. Bxb7 Rxd1+ 21. Rxd1 Rd8 22. Rxd8+ Qxd8 23. g3 Qd4 24. Kg2 Ke7 25. h4 a5 26. Bc6 Kd6 27. Bb5 f5 28. Qf3 Qe4 29. Qxe4 fxe4 30. g4 Ke5 31. Kg3 Be7 32. g5 Kf5 33. Bd7 Bd6+ 1/2-1/2

[Event "Wch U20 51st"]
[Site "Athens"]
[Date "2012.08.04"]
[Round "3"]
[White "Vandevenne, Sander"]
[Black "Cajahuanca Ramirez, Olindo"]
[Result "1-0"]
[WhiteElo "2083"]
[BlackElo "1856"]
[PlyCount "81"]
[EventDate "2012.08.02"]
[EventType "swiss"]
[EventRounds "13"]
[EventCountry "GRE"]
[SourceTitle "CBM 149 Extra"]
[Source "ChessBase"]
[SourceDate "2012.08.24"]
[SourceVersion "1"]
[SourceVersionDate "2012.08.24"]
[SourceQuality "1"]

1. e4 e5 2. Nf3 Nc6 3. Bc4 Bc5 4. c3 Nf6 5. d3 0-0 6. 0-0 Bb6 7. Re1 d6 8. h3 Qe7 9. Nbd2 Be6 10. Nf1 Bxc4 11. dxc4 Nd8 12. Qc2 Ne6 13. a4 a6 14. Be3 Ba7 15. g3 Nc5 16. N3d2 Qe6 17. Kg2 g6 18. b4 Ncd7 19. a5 Nh5 20. Qd3 Ng7 21. Bxa7 Rxa7 22. Ne3 c6 23. Rad1 Nf6 24. Nf3 Rd8 25. Ng4 Nxg4 26. hxg4 Qxg4 27. Nxe5 Qe6 28. Nf3 Raa8 29. Nd4 Qg4 30. Qe3 Ne6 31. Nf3 g5 32. Nh2 Qh5 33. f3 Qg6 34. Kh1 Qh6 35. Rd2 Rac8 36. Red1 Ng7 37. Kg2 f5 38. e5 f4 39. Qe4 fxg3 40. Ng4 Qh4 41. Rh1 1-0

[Event "BEL-ch op"]
[Site "Lommel"]
[Date "2012.07.02"]
[Round "3"]
[White "Van den Heede, Dorian"]
[Black "Vandevenne, Sander"]
[Result "1-0"]
[WhiteElo "1911"]
[BlackElo "2099"]
[PlyCount "33"]
[EventDate "2012.06.30"]
[EventType "swiss"]
[EventRounds "9"]
[EventCountry "BEL"]
[SourceTitle "EXT 2013"]
[Source "ChessBase"]
[SourceDate "2012.11.22"]
[SourceVersion "1"]
[SourceVersionDate "2012.11.22"]
[SourceQuality "1"]

1. e4 e6 2. d4 d5 3. Nc3 Nf6 4. Bg5 dxe4 5. Nxe4 Be7 6. Nxf6+ Bxf6 7. Bxf6 Qxf6 8. Nf3 Nd7 9. Qd2 0-0 10. 0-0-0 e5 11. Bc4 e4 12. Ng5 Qc6 13. Bb3 h6 14. Nh3 a5 15. Nf4 Nf6 16. Ng6 a4 17. Ne7+ 1-0

[Event "BEL-ch op"]
[Site "Lommel"]
[Date "2012.06.30"]
[Round "1"]
[White "Snoeks, Pieter Jan"]
[Black "Vandevenne, Sander"]
[Result "0-1"]
[WhiteElo "1719"]
[BlackElo "2099"]
[PlyCount "46"]
[EventDate "2012.06.30"]
[EventType "swiss"]
[EventRounds "9"]
[EventCountry "BEL"]
[SourceTitle "EXT 2013"]
[Source "ChessBase"]
[SourceDate "2012.11.22"]
[SourceVersion "1"]
[SourceVersionDate "2012.11.22"]
[SourceQuality "1"]

1. d4 e6 2. c4 d5 3. Nf3 Nf6 4. e3 Nbd7 5. Nc3 c6 6. Be2 Bd6 7. 0-0 0-0 8. b3 dxc4 9. bxc4 e5 10. d5 cxd5 11. cxd5 e4 12. Nd4 Bxh2+ 13. Kh1 Bb8 14. Bb2 Nb6 15. Qb3 Nfxd5 16. g3 Nxc3 17. Bxc3 Qd5 18. Qc2 Bd7 19. Rfd1 Ba4 20. Nb3 Qe6 21. Kg2 Rc8 22. Qb2 Bd7 23. Rh1 Na4 0-1

[Event "BEL-ch U18/20"]
[Site "Bruges"]
[Date "2012.04.09"]
[Round "3"]
[White "Vandevenne, Sander"]
[Black "Huebben, Dominik"]
[Result "1-0"]
[WhiteElo "2092"]
[BlackElo "1760"]
[PlyCount "65"]
[EventDate "2012.04.08"]
[EventType "swiss"]
[EventRounds "9"]
[EventCountry "BEL"]
[SourceTitle "CBM 147 Extra"]
[Source "ChessBase"]
[SourceDate "2012.04.24"]
[SourceVersion "1"]
[SourceVersionDate "2012.04.24"]
[SourceQuality "1"]

1. e4 d6 2. d4 Nf6 3. Bd3 e5 4. c3 g6 5. Ne2 Bg7 6. Nd2 0-0 7. 0-0 Re8 8. Qc2 Nbd7 9. b4 d5 10. f3 b6 11. Bb2 c5 12. Bb5 Qe7 13. bxc5 bxc5 14. Rae1 Qe6 15. dxc5 dxe4 16. Nxe4 Qxa2 17. c4 Qa5 18. c6 Qb6+ 19. Kh1 Nxe4 20. cxd7 Bxd7 21. fxe4 Bxb5 22. cxb5 Qxb5 23. Nc3 Qc4 24. Qf2 f6 25. Nd5 Rf8 26. Qe2 Qxe2 27. Rxe2 Rfd8 28. Ba3 f5 29. Ne7+ Kh8 30. exf5 Bf6 31. h3 Rd7 32. Nc6 gxf5 33. Nxe5 1-0

[Event "Brasschaat op 11th"]
[Site "Brasschaat"]
[Date "2011.08.28"]
[Round "9"]
[White "Vandevenne, Sander"]
[Black "Ponnet, Hendrik"]
[Result "0-1"]
[WhiteElo "2096"]
[BlackElo "2159"]
[PlyCount "114"]
[EventDate "2011.08.20"]
[EventType "swiss"]
[EventRounds "9"]
[EventCountry "BEL"]
[SourceTitle "CBM 144 Extra"]
[Source "ChessBase"]
[SourceDate "2011.10.28"]
[SourceVersion "1"]
[SourceVersionDate "2011.10.28"]
[SourceQuality "1"]

1. e4 d6 2. d4 Nf6 3. Bd3 e5 4. c3 d5 5. dxe5 dxe4 6. exf6 exd3 7. Nf3 gxf6 8. 0-0 Nc6 9. Re1+ Be6 10. Re3 Bd6 11. Nd4 Nxd4 12. cxd4 c6 13. Nc3 Qa5 14. Rxd3 0-0-0 15. Qf3 Rhg8 16. Be3 Bg4 17. Qxf6 Qh5 18. Qh6 Qf5 19. Rd2 Bf3 20. g3 Rg6 21. Qh4 Rdg8 22. Kf1 Rg4 23. Qh6 Bf8 24. Qh3 Kb8 25. d5 cxd5 26. Nb5 Rxg3 27. Qxg3+ Rxg3 28. fxg3 a6 29. Nd4 Qh3+ 30. Kg1 Be4 31. Rf1 Bb4 32. Rdf2 Bd6 33. Nf3 Qh5 34. Nh4 f6 35. Ng2 Be5 36. Nf4 Qe8 37. Rd2 Qb5 38. Rff2 Qc4 39. b3 Qc3 40. Rde2 f5 41. Bb6 Qc6 42. Nxd5 Qxd5 43. Rd2 Bd3 44. Rxf5 Bd4+ 45. Bxd4 Qxf5 46. Rf2 Qd5 47. Bb6 Bf5 48. h4 Qe6 49. Kh2 Qxb6 50. Rxf5 Qd6 51. Kh3 Qd2 52. Rf8+ Ka7 53. Rf7 Qxa2 54. Rxh7 Qxb3 55. h5 a5 56. Re7 Qd1 57. Kh4 Qd8 0-1

[Event "BEL-ch U18/20"]
[Site "Houffalize"]
[Date "2011.04.21"]
[Round "7"]
[White "Vandevenne, Sander"]
[Black "Van Melkebeke, Willem"]
[Result "1/2-1/2"]
[WhiteElo "2059"]
[BlackElo "1932"]
[PlyCount "45"]
[EventDate "2011.04.17"]
[EventType "swiss"]
[EventRounds "9"]
[EventCountry "BEL"]
[SourceTitle "EXT 2012"]
[Source "ChessBase"]
[SourceDate "2011.11.24"]
[SourceVersion "1"]
[SourceVersionDate "2011.11.24"]
[SourceQuality "1"]

1. e4 e5 2. Nf3 Nc6 3. Bc4 Bc5 4. c3 Nf6 5. 0-0 Nxe4 6. Bd5 Nf6 7. Bxc6 dxc6 8. Nxe5 0-0 9. d4 Be7 10. Nd2 c5 11. dxc5 Bxc5 12. Nb3 Qxd1 13. Rxd1 Bb6 14. Bf4 Nh5 15. Nd3 Bg4 16. Rd2 Rad8 17. Be5 Rfe8 18. Bd4 Bf5 19. Ndc5 Bc8 20. Rad1 Nf4 21. Be3 Rxd2 22. Rxd2 Ne6 23. h3 1/2-1/2

[Event "BEL-ch U18/20"]
[Site "Houffalize"]
[Date "2011.04.20"]
[Round "6"]
[White "Poscic, Mark"]
[Black "Vandevenne, Sander"]
[Result "0-1"]
[WhiteElo "1840"]
[BlackElo "2059"]
[PlyCount "72"]
[EventDate "2011.04.17"]
[EventType "swiss"]
[EventRounds "9"]
[EventCountry "BEL"]
[SourceTitle "EXT 2012"]
[Source "ChessBase"]
[SourceDate "2011.11.24"]
[SourceVersion "1"]
[SourceVersionDate "2011.11.24"]
[SourceQuality "1"]

1. e4 e6 2. d4 d5 3. Nc3 Bb4 4. e5 c5 5. Bd2 Nc6 6. Nb5 Bxd2+ 7. Qxd2 Nxd4 8. Nxd4 cxd4 9. Qxd4 Qc7 10. c3 Ne7 11. f4 Bd7 12. Nf3 Nc6 13. Qe3 f6 14. Bd3 0-0-0 15. 0-0 g5 16. exf6 gxf4 17. Qe2 Rdf8 18. Bb5 Rxf6 19. Rae1 Rg8 20. Bxc6 bxc6 21. Qe5 Qxe5 22. Nxe5 Kc7 23. Rf3 Kd6 24. Nd3 Rgf8 25. Ref1 e5 26. g3 Rg6 27. Nxe5 Kxe5 28. Rxf4 Rxf4 29. Rxf4 Bf5 30. Ra4 Rg7 31. Kf2 Be4 32. Ra6 Rf7+ 33. Ke2 Kd6 34. b4 Bg2 35. Ke3 Bf1 36. Ra5 a6 0-1

[Event "BEL-ch U18/20"]
[Site "Houffalize"]
[Date "2011.04.18"]
[Round "2"]
[White "Decrop, Benjamin"]
[Black "Vandevenne, Sander"]
[Result "0-1"]
[WhiteElo "1845"]
[BlackElo "2059"]
[PlyCount "108"]
[EventDate "2011.04.17"]
[EventType "swiss"]
[EventRounds "9"]
[EventCountry "BEL"]
[SourceTitle "EXT 2012"]
[Source "ChessBase"]
[SourceDate "2011.11.24"]
[SourceVersion "1"]
[SourceVersionDate "2011.11.24"]
[SourceQuality "1"]

1. e4 c6 2. d4 d5 3. Nc3 dxe4 4. f3 exf3 5. Nxf3 Nf6 6. Bc4 Bf5 7. 0-0 e6 8. Bg5 Be7 9. Qd2 Nbd7 10. Rae1 0-0 11. Nh4 Bg6 12. Nxg6 hxg6 13. Rf3 Nb6 14. Bb3 c5 15. dxc5 Bxc5+ 16. Kh1 Qxd2 17. Bxd2 Rac8 18. Bg5 Bd4 19. Ne4 Bxb2 20. Nxf6+ gxf6 21. Bxf6 Bxf6 22. Rxf6 Rc6 23. Rd1 Kg7 24. Rf3 Rfc8 25. Rd4 R8c7 26. Kg1 Nc4 27. Rc3 b5 28. a4 a6 29. Kf2 Kf6 30. axb5 axb5 31. Rg4 Rc5 32. Rf3+ Ke7 33. Bxc4 Rxc4 34. Rxc4 Rxc4 35. c3 f5 36. Ke2 e5 37. g3 e4 38. Re3 g5 39. Kd2 Kf6 40. Re1 Ra4 41. Rb1 Ra2+ 42. Ke3 Rxh2 43. Rxb5 Rg2 44. Rb6+ Ke5 45. Rb5+ Ke6 46. Rb6+ Kd7 47. Rf6 Rxg3+ 48. Kd4 Rd3+ 49. Ke5 Rf3 50. Rd6+ Kc7 51. c4 g4 52. Rd2 g3 53. Rg2 e3 54. Kd4 f4 0-1

[Event "EU-ch U16 19th"]
[Site "Fermo"]
[Date "2009.09.08"]
[Round "8"]
[White "Ballas, Kleon Evangelos"]
[Black "Vandevenne, Sander"]
[Result "1/2-1/2"]
[WhiteElo "1859"]
[BlackElo "2043"]
[PlyCount "30"]
[EventDate "2009.08.31"]
[EventType "swiss"]
[EventRounds "9"]
[EventCountry "ITA"]
[SourceTitle "CBM 132 Extra"]
[Source "ChessBase"]
[SourceDate "2009.11.03"]
[SourceVersion "1"]
[SourceVersionDate "2009.11.03"]
[SourceQuality "1"]

1. d4 Nf6 2. c4 e6 3. Nf3 d5 4. Nc3 Be7 5. Bg5 Nbd7 6. cxd5 exd5 7. e3 0-0 8. Bd3 Re8 9. Qc2 Nf8 10. 0-0 c6 11. Rab1 Bg4 12. Ne5 Bh5 13. Bf5 Bg6 14. Nxg6 hxg6 15. Bd3 Ne6 1/2-1/2

[Event "BEL-ch U16"]
[Site "Houffalize"]
[Date "2009.04.19"]
[Round "9"]
[White "Vandevenne, Sander"]
[Black "Weidert, Florian"]
[Result "1/2-1/2"]
[WhiteElo "2043"]
[BlackElo "1479"]
[PlyCount "127"]
[EventDate "2009.04.13"]
[EventType "swiss"]
[EventRounds "9"]
[EventCountry "BEL"]
[SourceTitle "EXT 2012"]
[Source "ChessBase"]
[SourceDate "2011.11.24"]
[SourceVersion "1"]
[SourceVersionDate "2011.11.24"]
[SourceQuality "1"]

1. d4 Nf6 2. c4 e6 3. Nc3 d5 4. Nf3 Bb4 5. Bg5 dxc4 6. Bxf6 Qxf6 7. Qa4+ Nc6 8. a3 Bxc3+ 9. bxc3 Bd7 10. Qxc4 0-0 11. e3 Qd8 12. Be2 Na5 13. Qa2 Bc6 14. 0-0 b6 15. Ne5 Bb7 16. f4 Qd5 17. Qxd5 exd5 18. Rac1 f6 19. Ng4 Rfe8 20. Rf3 Re7 21. Nf2 Rae8 22. Nd1 Bc6 23. Kf2 Ba4 24. Nb2 Bc6 25. Rg3 Nb3 26. Rc2 Na1 27. Rd2 Nb3 28. Rd1 b5 29. Nd3 Bd7 30. Nb4 c6 31. Bd3 a5 32. Na2 c5 33. dxc5 Nxc5 34. Bc2 Bc6 35. Nc1 Rb8 36. Nb3 Nxb3 37. Bxb3 Rd8 38. Rd4 Kf8 39. Ke2 Re4 40. Kd3 f5 41. Rh3 h6 42. Rh5 g6 43. Rxh6 Kg7 44. Rh3 Re7 45. Rg3 Kf6 46. Rf3 Ke6 47. Rh3 Kd6 48. Rh6 Rg7 49. h3 Kc5 50. g4 fxg4 51. hxg4 Bb7 52. Ke2 Re8 53. Kf2 Rge7 54. Rd3 Rg7 55. Rh1 Rge7 56. Rhd1 Rd8 57. Kg3 Rh7 58. f5 gxf5 59. gxf5 Rg8+ 60. Kf4 Rh4+ 61. Ke5 Re4+ 62. Kf6 Rf8+ 63. Kg5 Rg8+ 64. Kf6 1/2-1/2

[Event "BEL-ch U16"]
[Site "Houffalize"]
[Date "2009.04.14"]
[Round "3"]
[White "Desmyter, Thomas"]
[Black "Vandevenne, Sander"]
[Result "0-1"]
[WhiteElo "1511"]
[BlackElo "2043"]
[PlyCount "108"]
[EventDate "2009.04.13"]
[EventType "swiss"]
[EventRounds "9"]
[EventCountry "BEL"]
[SourceTitle "EXT 2012"]
[Source "ChessBase"]
[SourceDate "2011.11.24"]
[SourceVersion "1"]
[SourceVersionDate "2011.11.24"]
[SourceQuality "1"]

1. e4 e6 2. d4 d5 3. e5 c5 4. c3 Bd7 5. Nf3 Qb6 6. Be2 Bb5 7. 0-0 Bxe2 8. Qxe2 cxd4 9. cxd4 Ne7 10. Nc3 Nec6 11. Be3 Nd7 12. Rac1 Be7 13. Rfd1 a6 14. Ne1 Rc8 15. f4 Qa5 16. Nf3 Nb6 17. Nd2 Na4 18. Nb3 Nxc3 19. Rxc3 Qa4 20. Ra1 0-0 21. a3 Na7 22. Qd3 Rxc3 23. Qxc3 Rc8 24. Qd3 Qc4 25. Qxc4 Rxc4 26. Rc1 Nc6 27. Kf2 b5 28. Ke2 a5 29. Kd1 a4 30. Nd2 Rxc1+ 31. Kxc1 Bd8 32. Kc2 Ba5 33. Nb1 b4 34. g3 h5 35. Kd3 Kh7 36. Bf2 Kg6 37. h3 Kf5 38. Ke3 bxa3 39. Nxa3 Nxd4 40. Kd3 Nc6 41. Nb5 Nb4+ 42. Ke2 Nc6 43. Nd6+ Kg6 44. Nb7 Bb4 45. Bc5 Na5 46. Bxb4 Nxb7 47. Ke1 Kf5 48. Ke2 Ke4 49. Be1 d4 50. Kd2 Nc5 51. Kd1 Nb3 52. Kc2 Ke3 53. Kd1 d3 54. h4 d2 0-1

[Event "Twente Young Master op-C"]
[Site "Twente"]
[Date "2007.08.08"]
[Round "4"]
[White "Vandevenne, Sander"]
[Black "Van der Auweraert, Jasper"]
[Result "1-0"]
[WhiteElo "1540"]
[BlackElo "1570"]
[PlyCount "63"]
[EventDate "2007.08.06"]
[EventType "swiss"]
[EventRounds "9"]
[EventCountry "NED"]
[SourceTitle "EXT 2008"]
[Source "ChessBase"]
[SourceDate "2007.11.25"]
[SourceVersion "1"]
[SourceVersionDate "2007.11.25"]
[SourceQuality "1"]

1. e4 c5 2. c3 Nc6 3. d4 cxd4 4. cxd4 g6 5. Nc3 Bg7 6. Be3 e6 7. g3 Nge7 8. d5 exd5 9. exd5 Nb4 10. Bg2 Nf5 11. Nge2 Nxe3 12. fxe3 d6 13. Qa4+ Qd7 14. Qxb4 0-0 15. 0-0 Re8 16. e4 b6 17. Nf4 Ba6 18. Rfe1 Rac8 19. Bh3 f5 20. exf5 gxf5 21. Rxe8+ Rxe8 22. Ne6 Bh6 23. Bxf5 Qf7 24. g4 Qf6 25. Qa4 Rxe6 26. Bxe6+ Kg7 27. Qe4 Bf4 28. Kg2 h5 29. h3 Be5 30. Qf3 Qg5 31. Qf7+ Kh6 32. Qxh5+ 1-0

[Event "Twente Young Master op-C"]
[Site "Twente"]
[Date "2007.08.06"]
[Round "1"]
[White "Vandevenne, Sander"]
[Black "Cuvelier, Annelies"]
[Result "1-0"]
[WhiteElo "1540"]
[BlackElo "800"]
[PlyCount "71"]
[EventDate "2007.08.06"]
[EventType "swiss"]
[EventRounds "9"]
[EventCountry "NED"]
[SourceTitle "EXT 2008"]
[Source "ChessBase"]
[SourceDate "2007.11.25"]
[SourceVersion "1"]
[SourceVersionDate "2007.11.25"]
[SourceQuality "1"]

1. e4 e5 2. Nf3 Nc6 3. Bc4 Nf6 4. d3 Bc5 5. 0-0 d6 6. h3 0-0 7. Be3 Bb6 8. Nbd2 Bd7 9. a3 h6 10. c3 Ne7 11. d4 exd4 12. cxd4 c5 13. d5 Ba5 14. Qe2 a6 15. b3 b5 16. Bd3 Rb8 17. Bf4 Bc7 18. Ne1 Re8 19. Be3 Ba5 20. Nc2 Bxd2 21. Qxd2 Ng6 22. f3 Ne5 23. Bf4 a5 24. Ne3 Qc7 25. Rfc1 b4 26. a4 Rb6 27. Rc2 Bxh3 28. Bxe5 dxe5 29. gxh3 Rc8 30. Kh2 Qe7 31. Nf5 Qd7 32. Bb5 Qd8 33. Rg1 g6 34. Qxh6 Nh5 35. Qxh5 Kf8 36. Qh8# 1-0